Si para dar la profesión en la Compañia al que tiene mayorazgo es necesario que sea fundado con facultad real

Detalles Bibliográficos
Formato: Libro
Publicado: s.l., s.f.
Materias:
Colección:Banco de datos
Acervo:Biblioteca Palafoxiana. Colección de Manuscritos
Descripción Física:2 f. ; 21 x 30 cm.
Tema general:Eclesiástica
LEADER 00418nam a22001330004500
035 |a 1458 
245 1 0 |a Si para dar la profesión en la Compañia al que tiene mayorazgo es necesario que sea fundado con facultad real 
260 |a s.l., s.f. 
300 |a 2 f. ; 21 x 30 cm.  
650 1 0 |a Eclesiástica 
949 |a 32280/213 
942 |c PALAMANU 
943 |g Biblioteca Palafoxiana. Colección de Manuscritos 
999 |c 1069403  |d 1069403